[Event "21st European Teams"]
[Site "Hersonissos GRE"]
[Date "2017.10.29"]
[Round "2.1"]
[Board "4"]
[White "Halkias, Stelios"]
[Black "Melkumyan, Hrant"]
[Result "1/2-1/2"]
[WhiteTitle "GM"]
[BlackTitle "GM"]
[WhiteElo "2583"]
[BlackElo "2642"]
[WhiteTeam "Greece 1"]
[BlackTeam "Armenia"]
[WhiteFideId "4201809"]
[BlackFideId "13302485"]
[EventDate "2017.10.28"]

1. e4 e5 2. Nf3 Nc6 3. Bb5 a6 4. Ba4 Nf6 5. O-O Be7 6. Re1 b5 7. Bb3 O-O 8. c3
d5 9. d4 dxe4 10. Nxe5 Nxe5 11. dxe5 Qxd1 12. Bxd1 Nd7 13. Rxe4 Nc5 14. Rd4 Ne6
15. Rd2 Bg5 16. Rc2 Rd8 17. Bf3 Bb7 18. Bxg5 Nxg5 19. Nd2 Nxf3+ 20. Nxf3 Rd3 21.
Rd2 Rxd2 22. Nxd2 Re8 23. Re1 f6 24. Nb3 Bd5 25. f4 Bxb3 26. axb3 fxe5 27. fxe5
Kf7 28. Kf2 Ke6 29. Ke3 Rf8 30. Ra1 Kxe5 31. Rxa6 Kd5 32. Ra7 Kc6 33. Ra6+ Kd7
34. Ra1 Re8+ 35. Kf3 Rf8+ 36. Kg3 Rf6 37. Rd1+ Ke7 38. Re1+ Kd7 39. Rd1+ Ke7 40.
b4 Rg6+ 41. Kf2 Rf6+ 42. Ke3 Re6+ 43. Kd3 Kd7 44. Rf1 Rd6+ 45. Ke3 Re6+ 46. Kd4
Kd6 47. Rf7 Rg6 48. g3 Rh6 49. Rf2 Re6 50. b3 Re1 51. c4 Rd1+ 52. Kc3 Rc1+ 53.
Kb2 Re1 54. cxb5 Re5 55. Rf7 Re2+ 56. Kc3 Rxh2 57. Rxg7 h5 58. Rg6+ Kd7 59. b6
cxb6 60. Kc4 h4 61. gxh4 Rxh4+ 62. Kb5 Kc7 63. Rc6+ Kb7 64. Rxb6+ Ka7 65. Rd6
Rh3 66. Rd7+ Kb8 67. Ka4 Rh5 68. b5 Rh4+ 69. Ka5 Rh6 70. Rd5 Kb7 71. b6 Rh1 72.
Rd7+ Kb8 73. Ka6 Ra1+ 74. Kb5 Rh1 75. Rd5 Kb7 76. Rc5 Rh2 77. Re5 Rh1 78. b4 Rh2
79. Re7+ Kb8 80. Ra7 Rh1 81. Ka5 Ra1+ 82. Kb5 Rh1 83. Re7 1/2-1/2

[Event "21st European Teams"]
[Site "Hersonissos GRE"]
[Date "2017.10.29"]
[Round "2.2"]
[Board "1"]
[White "Lupulescu, Constantin"]
[Black "Leko, Peter"]
[Result "1/2-1/2"]
[WhiteTitle "GM"]
[BlackTitle "GM"]
[WhiteElo "2620"]
[BlackElo "2679"]
[WhiteTeam "Romania"]
[BlackTeam "Hungary"]
[WhiteFideId "1207822"]
[BlackFideId "703303"]
[EventDate "2017.10.28"]

1. d4 Nf6 2. c4 e6 3. Nf3 b6 4. e3 Bb7 5. Nc3 d5 6. cxd5 exd5 7. g3 Bd6 8. Bg2
O-O 9. O-O Nbd7 10. Qc2 a6 11. b3 Re8 12. Nd2 Rc8 13. Bb2 c5 14. dxc5 Nxc5 15.
Rac1 b5 16. Qb1 b4 17. Na4 Nxa4 18. bxa4 Ne4 19. Rfd1 Nc5 20. Nb3 Nxa4 21. Bxd5
Bxd5 22. Rxd5 Rxc1+ 23. Qxc1 Qc7 24. Qxc7 Bxc7 25. Bd4 h6 26. Kf1 Ra8 27. Na5
Kf8 28. Nc6 a5 29. Rb5 Ra6 30. Ne5 Ke8 31. Rb7 Bxe5 32. Bxe5 g6 33. Bd4 Rc6 34.
Ra7 Rc2 35. Rxa5 Rxa2 36. Rb5 Nc3 37. Rxb4 Ne4 38. Bb2 Nc5 39. Rb8+ Ke7 40. Bd4
Nd3 41. e4 Ra4 42. Be3 Rxe4 43. Bxh6 f6 44. h4 Ne5 45. Bf4 Nd3 46. Bd2 Kf7 47.
Rb3 Ne5 48. Bf4 Nd7 49. Kg2 Rd4 50. Ra3 Rd5 51. Ra7 Ke6 52. Be3 Ne5 53. Ra4 Rd6
54. g4 Rc6 55. h5 gxh5 56. gxh5 Rc4 57. Ra6+ Kf5 58. Ra5 Rh4 59. f4 Rxh5 60.
fxe5 Ke4 61. Bf2 Rxe5 62. Ra6 Kf5 63. Kf3 Re6 64. Ra4 Rc6 65. Rf4+ Kg6 66. Bd4
Re6 67. Rg4+ Kf5 68. Rh4 Kg5 69. Rh1 Kf5 70. Rh5+ Kg6 71. Ra5 Kf7 72. Kf4 Kg6
73. Rb5 Rd6 74. Ke4 Kf7 75. Bc5 Re6+ 76. Kd5 Re5+ 77. Kc6 Ke6 78. Rb6 Re4 79.
Kc7+ Kf7 80. Kd7 Re5 81. Bd6 Re8 82. Rb5 Rg8 83. Rb6 Re8 84. Bb4 Re3 85. Rb8
Rd3+ 86. Bd6 Rd1 87. Rf8+ Kg7 88. Re8 Kf7 89. Re7+ Kg6 90. Re2 Kf7 91. Kc6 Rc1+
92. Bc5 Rd1 93. Re4 Rd8 94. Re7+ Kg6 95. Bd6 Ra8 96. Kd7 Ra1 97. Bc7 Rh1 1/2-1/2

[Event "21st European Teams"]
[Site "Hersonissos GRE"]
[Date "2017.10.29"]
[Round "2.2"]
[Board "2"]
[White "Rapport, Richard"]
[Black "Parligras, Mircea-Emilian"]
[Result "1-0"]
[WhiteTitle "GM"]
[BlackTitle "GM"]
[WhiteElo "2686"]
[BlackElo "2616"]
[WhiteTeam "Hungary"]
[BlackTeam "Romania"]
[WhiteFideId "738590"]
[BlackFideId "1204297"]
[EventDate "2017.10.28"]

1. d4 Nf6 2. c4 e6 3. Nc3 Bb4 4. g3 O-O 5. Bg2 d5 6. cxd5 exd5 7. a3 Bd6 8. Nxd5
Nxd5 9. Bxd5 Bb4+ 10. axb4 Qxd5 11. f3 Nc6 12. Kf2 Qxd4+ 13. Qxd4 Nxd4 14. Bf4
Nc2 15. Rc1 Nxb4 16. Bxc7 Be6 17. Bd6 Na2 18. Rc7 Rac8 19. Rxb7 Rfd8 20. Bf4 Rc2
21. g4 a5 22. Nh3 Re8 23. Rd1 Bc4 24. Ng1 Bxe2 25. Nxe2 Rcxe2+ 26. Kg3 h6 27.
Rdd7 g5 28. Bd2 Rc8 29. h4 Rc2 30. Rd8+ Kg7 31. Rbd7 gxh4+ 32. Kxh4 Rxb2 33. Rd6
Re6 34. f4 Rxd6 35. Rxd6 Rb8 36. f5 a4 37. Ra6 Nb4 38. Bc3+ Kh7 39. Rd6 Na2 40.
Bd4 Nc1 41. Kh5 Kg8 42. Rxh6 f6 43. Bxf6 Kf7 44. g5 Rb5 45. Rh7+ Ke8 46. Re7+
Kf8 47. Kg6 Nd3 48. Re4 1-0

[Event "21st European Teams"]
[Site "Hersonissos GRE"]
[Date "2017.10.29"]
[Round "2.2"]
[Board "3"]
[White "Deac, Bogdan-Daniel"]
[Black "Almasi, Zoltan"]
[Result "0-1"]
[WhiteTitle "GM"]
[BlackTitle "GM"]
[WhiteElo "2560"]
[BlackElo "2707"]
[WhiteTeam "Romania"]
[BlackTeam "Hungary"]
[WhiteFideId "1226380"]
[BlackFideId "702293"]
[EventDate "2017.10.28"]

1. e4 e5 2. Nf3 Nc6 3. Bc4 Bc5 4. d3 Nf6 5. c3 a6 6. a4 d6 7. O-O O-O 8. h3 Ba7
9. Re1 Ne7 10. Nbd2 Ng6 11. d4 c6 12. dxe5 dxe5 13. a5 Qe7 14. Nf1 Be6 15. Bxe6
Qxe6 16. Ng3 Rfd8 17. Qc2 Rd7 18. Ng5 Qe8 19. Nf3 h6 20. Ra4 Qe6 21. Nf5 Rad8
22. g3 Ne7 23. Kg2 Ne8 24. Be3 Bxe3 25. Rxe3 f6 26. Nxe7+ Qxe7 27. Qb3+ Qf7 28.
Qxf7+ Kxf7 29. Kf1 Nc7 30. Re1 Ne6 31. Rc4 g5 32. Ke2 h5 33. Rc1 g4 34. hxg4
hxg4 35. Nh2 Rd2+ 36. Kf1 Rh8 37. Kg2 Rxh2+ 38. Kxh2 Rxf2+ 39. Kg1 Rxb2 40. Rb4
Rxb4 41. cxb4 Ng5 42. Kg2 Nxe4 43. Rh1 Ke6 44. Rh4 f5 45. Rh6+ Kd5 46. Rh7 f4
47. Rxb7 f3+ 48. Kh2 Nd6 49. Rd7 e4 50. Kg1 e3 51. Kf1 Ke6 0-1

[Event "21st European Teams"]
[Site "Hersonissos GRE"]
[Date "2017.10.29"]
[Round "2.2"]
[Board "4"]
[White "Berkes, Ferenc"]
[Black "Szabo, Gergely-Andras-Gyula"]
[Result "1-0"]
[WhiteTitle "GM"]
[BlackTitle "GM"]
[WhiteElo "2661"]
[BlackElo "2563"]
[WhiteTeam "Hungary"]
[BlackTeam "Romania"]
[WhiteFideId "718572"]
[BlackFideId "1205064"]
[EventDate "2017.10.28"]

1. d4 e6 2. c4 Nf6 3. Nc3 Bb4 4. f3 c5 5. d5 b5 6. e4 O-O 7. Nh3 bxc4 8. Bxc4
Nxd5 9. Bxd5 exd5 10. Qxd5 Ba6 11. Bf4 Nc6 12. Kf2 Nd4 13. Rhd1 Qb6 14. Qd6 Bxc3
15. bxc3 Qb2+ 16. Bd2 Nc2 17. Rac1 Qxa2 18. Nf4 Rab8 19. Nd5 Bc4 20. Qxc5 Bxd5
21. Qxd5 Qxd5 22. exd5 Rb2 23. Ke2 Na3 24. Kd3 Rb3 25. Re1 Rc8 26. Re4 h6 27.
Rb4 Rxb4 28. cxb4 Ra8 29. Rc7 d6 30. Rc6 Nb5 31. Ra6 Rc8 32. Ra5 Nc7 33. Rxa7
Nxd5 34. Ra6 Rd8 35. b5 Nc7 36. Ba5 Nxa6 37. Bxd8 Nc5+ 38. Kc4 Kf8 39. Kd5 Ke8
40. Bc7 Kd7 41. Bxd6 Ne6 42. f4 g6 43. g4 h5 44. gxh5 gxh5 45. f5 Nd8 46. h4 Nb7
47. Bf4 Na5 48. Ke5 1-0

[Event "21st European Teams"]
[Site "Hersonissos GRE"]
[Date "2017.10.29"]
[Round "2.3"]
[Board "1"]
[White "Giri, Anish"]
[Black "Eljanov, Pavel"]
[Result "1-0"]
[WhiteTitle "GM"]
[BlackTitle "GM"]
[WhiteElo "2762"]
[BlackElo "2720"]
[WhiteTeam "Netherlands"]
[BlackTeam "Ukraine"]
[WhiteFideId "24116068"]
[BlackFideId "14102951"]
[EventDate "2017.10.28"]

1. d4 d5 2. c4 dxc4 3. Nf3 Nf6 4. e3 e6 5. Bxc4 c5 6. O-O a6 7. Qe2 b5 8. Bd3
Nbd7 9. a4 c4 10. Bc2 Bb7 11. e4 Be7 12. Nc3 b4 13. e5 bxc3 14. exf6 Nxf6 15.
bxc3 Bxf3 16. Qxf3 Nd5 17. a5 O-O 18. Qh3 f5 19. Re1 Rf6 20. Bg5 Rg6 21. Bxe7
Nxe7 22. Qf3 Nd5 23. Re5 Rf6 24. g3 Rb8 25. Bd1 Qc8 26. h4 Rb5 27. Kh2 h6 28.
Ba4 Rb8 29. Rae1 Kh8 30. Kg2 Ra8 31. Kg1 Rb8 32. Kh2 Ra8 33. Bc2 Qd7 34. Rxe6
Rxe6 35. Qxf5 g6 36. Qxe6 Qxe6 37. Rxe6 Nxc3 38. Rxg6 1-0

[Event "21st European Teams"]
[Site "Hersonissos GRE"]
[Date "2017.10.29"]
[Round "2.3"]
[Board "2"]
[White "Ponomariov, Ruslan"]
[Black "L'Ami, Erwin"]
[Result "1/2-1/2"]
[WhiteTitle "GM"]
[BlackTitle "GM"]
[WhiteElo "2687"]
[BlackElo "2611"]
[WhiteTeam "Ukraine"]
[BlackTeam "Netherlands"]
[WhiteFideId "14103320"]
[BlackFideId "1007998"]
[EventDate "2017.10.28"]

1. Nf3 Nf6 2. c4 e6 3. g3 b6 4. Bg2 Bb7 5. O-O Be7 6. b3 O-O 7. Bb2 d5 8. cxd5
Nxd5 9. Nc3 Nxc3 10. Bxc3 c5 11. Qc2 Nc6 12. Qb2 Bf6 13. Bxf6 Qxf6 14. Qxf6 gxf6
15. d3 Rab8 16. Rfc1 Rfd8 17. Kf1 Nd4 18. Ne1 Bxg2+ 19. Nxg2 f5 20. e3 Nf3 21.
Ke2 Ne5 22. Ne1 Rd6 23. a3 Rbd8 24. Rc3 a5 25. Rac1 Kg7 26. f4 Nd7 27. Nf3 h5
28. Nd2 b5 29. a4 bxa4 30. Nc4 Ra6 31. bxa4 Rb8 32. Kf3 Rb4 33. Ra3 Ra8 34. e4
Kg6 35. Rc2 Ra6 36. Rc1 Ra8 37. Rc2 Ra6 38. Rc1 1/2-1/2

[Event "21st European Teams"]
[Site "Hersonissos GRE"]
[Date "2017.10.29"]
[Round "2.3"]
[Board "3"]
[White "Bok, Benjamin"]
[Black "Kuzubov, Yuriy"]
[Result "1/2-1/2"]
[WhiteTitle "GM"]
[BlackTitle "GM"]
[WhiteElo "2611"]
[BlackElo "2690"]
[WhiteTeam "Netherlands"]
[BlackTeam "Ukraine"]
[WhiteFideId "1017063"]
[BlackFideId "14112906"]
[EventDate "2017.10.28"]

1. e4 e5 2. Nf3 Nf6 3. Nxe5 d6 4. Nf3 Nxe4 5. Nc3 Nxc3 6. dxc3 Be7 7. Be3 Nc6 8.
Qd2 Be6 9. O-O-O Qd7 10. a3 a6 11. Be2 h6 12. Nd4 Nxd4 13. cxd4 d5 14. Rhe1
O-O-O 15. Bf4 Bd6 16. Bd3 Rhe8 17. h4 Qe7 18. g3 Bxf4 19. Qxf4 Qd6 20. Qxd6 Rxd6
21. Kd2 Kd8 22. Re3 Bd7 23. Rxe8+ Kxe8 24. Re1+ Re6 25. Rxe6+ Bxe6 26. b4 Bd7
27. c3 Ke7 28. Ke3 g5 29. hxg5 hxg5 30. Kd2 f6 31. Ke3 1/2-1/2

[Event "21st European Teams"]
[Site "Hersonissos GRE"]
[Date "2017.10.29"]
[Round "2.3"]
[Board "4"]
[White "Kravtsiv, Martyn"]
[Black "Sokolov, Ivan"]
[Result "1/2-1/2"]
[WhiteTitle "GM"]
[BlackTitle "GM"]
[WhiteElo "2677"]
[BlackElo "2603"]
[WhiteTeam "Ukraine"]
[BlackTeam "Netherlands"]
[WhiteFideId "14113147"]
[BlackFideId "14400030"]
[EventDate "2017.10.28"]

1. e4 e5 2. Nf3 Nc6 3. Bc4 Bc5 4. O-O Nf6 5. d3 d6 6. c3 a6 7. a4 Ba7 8. Be3
Bxe3 9. fxe3 O-O 10. Nbd2 Ne7 11. a5 Ng6 12. Bb3 h6 13. Re1 Re8 14. Qc2 c6 15.
Nc4 Be6 16. Nb6 Rb8 17. Bxe6 Rxe6 18. b4 Nd7 19. Nxd7 Qxd7 20. c4 d5 21. c5 Rd8
22. Rad1 Re7 23. Qe2 Qe6 24. exd5 Rxd5 25. Nd2 f5 26. Rf1 f4 27. Nc4 fxe3 28.
Nxe3 Nf4 29. Qf3 Rxd3 30. Rxd3 Nxd3 31. Nf5 Rd7 32. Nxh6+ Qxh6 33. Qf8+ Kh7 34.
Qf5+ Kh8 35. Qf8+ Kh7 36. Qf5+ 1/2-1/2

[Event "21st European Teams"]
[Site "Hersonissos GRE"]
[Date "2017.10.29"]
[Round "2.4"]
[Board "1"]
[White "Jobava, Baadur"]
[Black "Navara, David"]
[Result "0-1"]
[WhiteTitle "GM"]
[BlackTitle "GM"]
[WhiteElo "2705"]
[BlackElo "2726"]
[WhiteTeam "Georgia"]
[BlackTeam "Czech Republic"]
[WhiteFideId "13601520"]
[BlackFideId "309095"]
[EventDate "2017.10.28"]

1. e4 c5 2. Nf3 d6 3. c3 Nf6 4. Bd3 Nc6 5. Bc2 Bg4 6. d3 e6 7. h3 Bh5 8. Bf4 d5
9. g4 Bg6 10. Nbd2 Bd6 11. e5 Bc7 12. Qe2 Nd7 13. O-O-O b5 14. d4 Bxc2 15. Kxc2
c4 16. b3 b4 17. bxc4 bxc3 18. Kxc3 Rb8 19. Nb3 Nb6 20. c5 Nc4 21. Bc1 Qc8 22.
a3 Qa6 23. Qa2 O-O 24. Nfd2 Ba5+ 25. Kc2 Bxd2 26. Bxd2 Qa4 27. Kc3 Nxd2 28. Nxd2
Qxd4+ 29. Kc2 Nxe5 30. Nb3 Qc4+ 31. Kb2 a5 32. Rhe1 a4 0-1

[Event "21st European Teams"]
[Site "Hersonissos GRE"]
[Date "2017.10.29"]
[Round "2.4"]
[Board "2"]
[White "Laznicka, Viktor"]
[Black "Mchedlishvili, Mikheil"]
[Result "1/2-1/2"]
[WhiteTitle "GM"]
[BlackTitle "GM"]
[WhiteElo "2654"]
[BlackElo "2604"]
[WhiteTeam "Czech Republic"]
[BlackTeam "Georgia"]
[WhiteFideId "316385"]
[BlackFideId "13600966"]
[EventDate "2017.10.28"]

1. c4 Nf6 2. Nc3 e5 3. e3 Bb4 4. Nge2 c6 5. a3 Ba5 6. b4 Bc7 7. d4 O-O 8. d5 d6
9. Ng3 a5 10. Rb1 axb4 11. axb4 cxd5 12. cxd5 Ne8 13. Bd3 f5 14. O-O g6 15. f4
Bb6 16. fxe5 dxe5 17. Na4 Bc7 18. Qb3 Bd6 19. Nc5 Ng7 20. Bb2 Qe7 21. Rbc1 Na6
22. Rc2 Rb8 23. Ba3 Nc7 24. b5 Nce8 25. b6 Nf6 26. Rfc1 e4 27. Be2 h5 28. Na4
Bd7 29. Bxd6 Qxd6 30. Nc5 Kh8 31. Nf1 Rfd8 32. Rd1 Rdc8 33. Rdc1 Rd8 34. Rd1
Rdc8 35. Rdc1 1/2-1/2

[Event "21st European Teams"]
[Site "Hersonissos GRE"]
[Date "2017.10.29"]
[Round "2.4"]
[Board "3"]
[White "Pantsulaia, Levan"]
[Black "Stocek, Jiri"]
[Result "1-0"]
[WhiteTitle "GM"]
[BlackTitle "GM"]
[WhiteElo "2586"]
[BlackElo "2581"]
[WhiteTeam "Georgia"]
[BlackTeam "Czech Republic"]
[WhiteFideId "13602071"]
[BlackFideId "304760"]
[EventDate "2017.10.28"]

1. Nf3 Nf6 2. g3 b6 3. Bg2 Bb7 4. O-O e6 5. c4 c5 6. Nc3 a6 7. d4 cxd4 8. Qxd4
d6 9. Ng5 Bxg2 10. Kxg2 Nc6 11. Qf4 Be7 12. Rd1 O-O 13. b3 Ra7 14. Bb2 Rd7 15.
Nce4 Ne8 16. Nf3 h6 17. g4 b5 18. h4 bxc4 19. bxc4 d5 20. cxd5 Rxd5 21. Nc3 Rxd1
22. Rxd1 Qb6 23. Ba1 Nb4 24. g5 h5 25. Rd7 Bd6 26. Qe4 Bc7 27. a3 Nc6 28. Na4
Qb5 29. g6 Nb8 30. gxf7+ Rxf7 31. Rxf7 Kxf7 32. Ng5+ Kf8 33. Nxe6+ Kg8 34. Nc3
Qe5 35. Nxc7 Qxe4+ 36. Nxe4 Nxc7 37. Be5 1-0

[Event "21st European Teams"]
[Site "Hersonissos GRE"]
[Date "2017.10.29"]
[Round "2.4"]
[Board "4"]
[White "Plat, Vojtech"]
[Black "Jojua, Davit"]
[Result "1-0"]
[WhiteTitle "GM"]
[BlackTitle "GM"]
[WhiteElo "2551"]
[BlackElo "2591"]
[WhiteTeam "Czech Republic"]
[BlackTeam "Georgia"]
[WhiteFideId "325740"]
[BlackFideId "13602543"]
[EventDate "2017.10.28"]

1. e4 c5 2. Nf3 Nc6 3. c3 d5 4. exd5 Qxd5 5. d4 Bf5 6. Be3 Nf6 7. Na3 cxd4 8.
Nb5 O-O-O 9. Nfxd4 Ng4 10. Qe2 Nxe3 11. Qxe3 Nxd4 12. Nxd4 e6 13. Be2 Bc5 14.
O-O Qe4 15. Qg3 Bd6 16. Qf3 Qxf3 17. Bxf3 Bg6 18. Rfe1 Rhe8 19. Be4 Bh5 20. Bf3
Bg6 21. Be4 Bh5 22. Bf3 Bxf3 23. Nxf3 Re7 24. Rad1 Red7 25. Kf1 Bc5 26. Rxd7
Rxd7 27. Re5 Bb6 28. Ke2 Kd8 29. Rb5 f6 30. a4 Ke7 31. Ne1 Rd5 32. Rxd5 exd5 33.
Nd3 Kd6 34. Kf3 a5 35. Kg4 Bd8 36. f4 Bb6 37. f5 Be3 38. Kf3 Bd2 39. Ke2 Bh6 40.
h4 b6 41. g4 Kc6 42. Ne1 Bc1 43. b3 Bf4 44. Nf3 Kd6 45. h5 Bc1 46. Kd3 Bh6 47.
b4 Bc1 48. bxa5 bxa5 49. Nd4 Ke5 50. Nb3 Ba3 51. Nxa5 Bc5 52. Nb3 Ba7 53. Nd4
Kf4 54. Ne6+ Kxg4 55. Nxg7 Kg5 56. a5 Kh6 57. Ne8 Kxh5 58. Nxf6+ Kg5 59. Nxd5
Kxf5 60. Ne7+ Ke6 61. Nc6 Bg1 62. a6 Kd6 63. a7 Bxa7 64. Nxa7 Kc5 65. c4 1-0

[Event "21st European Teams"]
[Site "Hersonissos GRE"]
[Date "2017.10.29"]
[Round "2.5"]
[Board "1"]
[White "Bauer, Christian"]
[Black "Anton Guijarro, David"]
[Result "1/2-1/2"]
[WhiteTitle "GM"]
[BlackTitle "GM"]
[WhiteElo "2647"]
[BlackElo "2651"]
[WhiteTeam "France"]
[BlackTeam "Spain"]
[WhiteFideId "603767"]
[BlackFideId "2285525"]
[EventDate "2017.10.28"]

1. e4 e5 2. Nf3 Nc6 3. Bb5 a6 4. Ba4 Nf6 5. O-O Nxe4 6. d4 b5 7. Bb3 d5 8. dxe5
Be6 9. Be3 Be7 10. c3 O-O 11. Nbd2 Nxd2 12. Qxd2 Na5 13. Nd4 Nc4 14. Bxc4 dxc4
15. Rfd1 Bd7 16. a4 bxa4 17. Qe2 Qc8 18. Qxc4 c5 19. Nf3 h6 20. e6 Bxe6 21. Qxa4
Qb7 22. Rd2 Rfd8 23. Rad1 Rxd2 24. Rxd2 Qb5 25. Qf4 Rd8 26. Rxd8+ Bxd8 27. Qd6
Bf6 28. Bxc5 Bxc3 29. Bd4 Qxb2 30. Bxc3 Qxc3 31. Qxa6 Bd5 32. Qe2 Bxf3 33. gxf3
Qc1+ 34. Kg2 Qg5+ 35. Kh1 Kh7 36. Qc4 f5 37. h3 Qf6 1/2-1/2

[Event "21st European Teams"]
[Site "Hersonissos GRE"]
[Date "2017.10.29"]
[Round "2.5"]
[Board "2"]
[White "Salgado Lopez, Ivan"]
[Black "Gharamian, Tigran"]
[Result "1/2-1/2"]
[WhiteTitle "GM"]
[BlackTitle "GM"]
[WhiteElo "2629"]
[BlackElo "2626"]
[WhiteTeam "Spain"]
[BlackTeam "France"]
[WhiteFideId "2257327"]
[BlackFideId "13301527"]
[EventDate "2017.10.28"]

1. e4 c6 2. d4 d5 3. e5 c5 4. dxc5 e6 5. Nf3 Bxc5 6. a3 Ne7 7. b4 Bb6 8. Bb2 a5
9. b5 a4 10. Be2 Nd7 11. O-O O-O 12. c4 Nc5 13. Nc3 dxc4 14. Qc2 Ng6 15. Rad1
Qe7 16. Ne4 Nxe4 17. Qxe4 Bc5 18. h4 Re8 19. h5 Nf8 20. h6 Bxa3 21. Bxa3 Qxa3
22. hxg7 Kxg7 23. Nh2 Qc5 24. Ng4 Ng6 25. Rd4 a3 26. Rxc4 Qf8 27. Ra1 Rd8 28.
Nf6 Rd5 29. Nxd5 exd5 30. Qxd5 Be6 31. Qxb7 Bxc4 32. Bxc4 Nxe5 33. Be2 Qd8 34.
Qe4 f6 35. b6 Rb8 36. Rxa3 Qxb6 37. Rg3+ Kh8 38. Qf4 Rg8 39. Rxg8+ 1/2-1/2

[Event "21st European Teams"]
[Site "Hersonissos GRE"]
[Date "2017.10.29"]
[Round "2.5"]
[Board "3"]
[White "Fressinet, Laurent"]
[Black "Lopez Martinez, Josep Manuel"]
[Result "1/2-1/2"]
[WhiteTitle "GM"]
[BlackTitle "GM"]
[WhiteElo "2657"]
[BlackElo "2607"]
[WhiteTeam "France"]
[BlackTeam "Spain"]
[WhiteFideId "608742"]
[BlackFideId "2212943"]
[EventDate "2017.10.28"]

1. d4 Nf6 2. c4 e6 3. Nf3 b6 4. Nc3 Bb7 5. e3 Bb4 6. Bd3 O-O 7. O-O Bxc3 8. bxc3
Ne4 9. Ne1 f5 10. f3 Nf6 11. Nc2 Qe8 12. a4 d6 13. a5 bxa5 14. Rxa5 Nbd7 15. c5
dxc5 16. Ba3 Rf7 17. Bxc5 Nxc5 18. Rxc5 Qc8 19. Qa1 Nd7 20. Ra5 c5 21. Bc4 Bd5
22. Bxd5 exd5 23. Rxa7 Rxa7 24. Qxa7 cxd4 25. Qxd4 Nf6 26. Nb4 h6 27. Ra1 Kh7
28. h3 Rc7 29. Nxd5 Nxd5 30. Qxd5 Rxc3 31. Ra8 Rc5 32. Qa2 Rc1+ 33. Kh2 Qc4 34.
Qxc4 Rxc4 35. Ra6 h5 36. Re6 Rc2 37. h4 g6 38. Re7+ Kg8 39. Kg3 Kf8 40. Ra7 Rc4
41. Rd7 Ra4 42. Rd4 Ra2 43. e4 fxe4 44. fxe4 Ke7 45. Rb4 Rc2 46. Kf3 Ra2 47. g3
Ra5 48. Kf4 Kf7 49. e5 Ra3 50. Rb7+ Ke6 51. Rb6+ Kf7 52. Rb7+ Ke6 53. Rb6+ Kf7
54. Rf6+ Kg7 55. Ke4 Rxg3 56. Rf3 Rxf3 57. Kxf3 Kf7 58. Ke3 Ke6 59. Ke4 Kd7 60.
Kd5 Ke7 61. e6 g5 62. hxg5 h4 63. Ke4 Kxe6 1/2-1/2

[Event "21st European Teams"]
[Site "Hersonissos GRE"]
[Date "2017.10.29"]
[Round "2.5"]
[Board "4"]
[White "Ibarra Jerez, Jose Carlos"]
[Black "Maze, Sebastien"]
[Result "1/2-1/2"]
[WhiteTitle "GM"]
[BlackTitle "GM"]
[WhiteElo "2561"]
[BlackElo "2614"]
[WhiteTeam "Spain"]
[BlackTeam "France"]
[WhiteFideId "2226332"]
[BlackFideId "613762"]
[EventDate "2017.10.28"]

1. Nf3 Nf6 2. g3 g6 3. b3 Bg7 4. Bb2 d6 5. d4 a5 6. a4 O-O 7. Bg2 d5 8. O-O Bf5
9. Nh4 Be6 10. Nd2 Na6 11. Nhf3 Bf5 12. Nh4 Be6 13. Nhf3 Bf5 14. Nh4 Be6 1/2-1/2

[Event "21st European Teams"]
[Site "Hersonissos GRE"]
[Date "2017.10.29"]
[Round "2.6"]
[Board "2"]
[White "Nepomniachtchi, Ian"]
[Black "Kovalev, Vladislav"]
[Result "1/2-1/2"]
[WhiteTitle "GM"]
[BlackTitle "GM"]
[WhiteElo "2733"]
[BlackElo "2636"]
[WhiteTeam "Russia"]
[BlackTeam "Belarus"]
[WhiteFideId "4168119"]
[BlackFideId "13504398"]
[EventDate "2017.10.28"]

1. e4 e5 2. Nf3 Nc6 3. Bb5 a6 4. Ba4 Nf6 5. O-O Be7 6. d3 b5 7. Bb3 d6 8. a3 O-O
9. Nc3 Na5 10. Ba2 Be6 11. b4 Nc6 12. Nd5 Nd4 13. Ng5 Bxd5 14. exd5 Nd7 15. Nh3
a5 16. c3 Nf5 17. Bd2 Nb6 18. Bb3 Qd7 19. Qg4 g6 20. Ng5 Ra7 21. Qh3 h5 22. Ne4
Rfa8 23. Rab1 axb4 24. axb4 Nh4 25. Qxd7 Nxd7 26. c4 Nf5 27. Nc3 bxc4 28. dxc4
Nd4 29. Be3 Rb7 30. Bxd4 exd4 31. Nb5 Bf6 32. Rfd1 Ne5 33. Kf1 Rab8 34. h3 c6
35. dxc6 Nxc6 36. Ba4 d5 37. cxd5 Nd8 38. Nd6 Rxb4 39. Bb5 Rxb1 40. Rxb1 Ra8 41.
g3 Be7 42. Nc4 Bc5 43. Ne5 Kg7 44. Rc1 Bd6 45. Nf3 Ra5 46. Bc4 Bc5 47. Rb1 Ba7
48. Ke2 Kf6 49. Nd2 Ke7 50. Kd3 Ra3+ 51. Rb3 Rxb3+ 52. Nxb3 Nb7 53. Nxd4 Kf6 54.
f3 Nd6 55. Ne2 g5 56. Bb3 1/2-1/2

[Event "21st European Teams"]
[Site "Hersonissos GRE"]
[Date "2017.10.29"]
[Round "2.6"]
[Board "3"]
[White "Stupak, Kirill"]
[Black "Matlakov, Maxim"]
[Result "0-1"]
[WhiteTitle "GM"]
[BlackTitle "GM"]
[WhiteElo "2578"]
[BlackElo "2730"]
[WhiteTeam "Belarus"]
[BlackTeam "Russia"]
[WhiteFideId "13503758"]
[BlackFideId "4168003"]
[EventDate "2017.10.28"]

1. d4 Nf6 2. c4 e6 3. Nf3 d5 4. g3 Bb4+ 5. Bd2 Be7 6. Bg2 O-O 7. Qc2 c6 8. O-O
Nbd7 9. Rd1 b6 10. Bf4 Ba6 11. Ne5 Rc8 12. cxd5 Nxd5 13. Nxc6 Nb4 14. Qa4 Nxc6
15. Bxc6 Bxe2 16. Re1 b5 17. Bxb5 Nb6 18. Qb3 Bxb5 19. Qxb5 Nd5 20. Be3 Bb4 21.
Bd2 Bxd2 22. Nxd2 Rb8 23. Qa6 Rxb2 24. Nc4 Rc2 25. Rec1 Rxc1+ 26. Rxc1 Qc7 27.
Rb1 Rb8 28. Rxb8+ Qxb8 29. Ne3 Nf6 30. Qc6 h5 31. Kg2 Qd8 32. Nc2 Qa5 33. Qc8+
Kh7 34. Qc4 Qd2 35. Nb4 g6 36. h3 h4 37. g4 a5 38. Nd3 Nd5 39. Kh2 Qe2 40. Kg1
Nf4 41. Qc7 Nxh3+ 42. Kh2 Qf3 43. Ne1 Qf4+ 44. Qxf4 Nxf4 45. g5 a4 46. a3 Kg7
47. Nf3 Nd3 48. Kg2 f6 49. gxf6+ Kxf6 50. Nxh4 Ne1+ 0-1

[Event "21st European Teams"]
[Site "Hersonissos GRE"]
[Date "2017.10.29"]
[Round "2.7"]
[Board "1"]
[White "Saric, Ivan"]
[Black "Markus, Robert"]
[Result "1-0"]
[WhiteTitle "GM"]
[BlackTitle "GM"]
[WhiteElo "2662"]
[BlackElo "2644"]
[WhiteTeam "Croatia"]
[BlackTeam "Serbia"]
[WhiteFideId "14508150"]
[BlackFideId "921637"]
[EventDate "2017.10.28"]

1. e4 e6 2. d4 d5 3. Nc3 Bb4 4. e5 c5 5. a3 Bxc3+ 6. bxc3 Qa5 7. Bd2 Qa4 8. Qg4
Kf8 9. Nf3 Ne7 10. h3 c4 11. Be2 Qxc2 12. O-O Nbc6 13. Bd1 Qg6 14. Qf4 h6 15.
Rc1 f5 16. exf6 Qxf6 17. Qc7 Qf7 18. Re1 Nf5 19. Qh2 Bd7 20. g4 Nfe7 21. Qc7 Qe8
22. Qxb7 Qc8 23. Rb1 Kf7 24. Bf4 Rd8 25. Bc7 Qxb7 26. Rxb7 Bc8 27. Rb1 Rd7 28.
Bg3 Rb7 29. Ba4 Rb6 30. Bd6 Bd7 31. Bc5 Rbb8 32. h4 Ke8 33. h5 Nd8 34. Rxb8 Rxb8
35. Bxa7 Rb2 36. Bxd7+ Kxd7 37. Ne5+ Ke8 38. Bc5 Rb3 39. Bb4 Ng8 40. a4 Rb2 41.
Ra1 Nf6 42. a5 1-0